| 000 | 01293nas a2200409 4500 | ||
|---|---|---|---|
| 001 | BR2012002701 | ||
| 003 | BR-BrBNA | ||
| 005 | 20231205120447.0 | ||
| 007 | ta | ||
| 008 | 230509b bl.|||p| |||| 00| 00por d | ||
| 040 |
_aBR-BrBNA _bpor _cBiblioteca Nacional de Agricultura |
||
| 041 | _a(Pt) | ||
| 072 | _aL73 | ||
| 100 | 1 | _aGonçalves, L.M.F. | |
| 100 | 1 | _aMineiro, A.L.B.B. | |
| 100 | 1 | _aCarvalho, S.M. de | |
| 100 | 1 | _aCampos, A.P. | |
| 100 | 1 | _aEvangelista, L.S. de M. | |
| 100 | 1 | _aPinho, F.A. | |
| 100 | 1 | _aMoreira, E.C. | |
| 100 | 1 | _aCosta, F.A.L. | |
| 245 | 1 | _aPesquisa de aglutininas, antígeno de leptospiras e apoptose em rim de suínos naturalmente infectados por Leptospira spp | |
| 246 | 1 | _aSearch agglutinins, leptospires antigen and apoptosis in the kidney of swine naturally infected with Leptospira spp | |
| 650 | _aSUÍNO | ||
| 650 | _aDOENÇA ANIMAL | ||
| 650 | _aBACTÉRIA | ||
| 650 | _aLEPTOSPIROSE | ||
| 650 | _aRIM | ||
| 650 | _aAGLUTININA | ||
| 650 | _aDOENÇA ANIMAL | ||
| 650 | _aBACTÉRIA | ||
| 650 | _aLEPTOSPIROSE | ||
| 650 | _aRIM | ||
| 773 | 0 |
_tPesquisa Veterinária Brasileira (Brazil) _xISSN 0100-736X _g(Jul 2011), v. 31(7) p. 561-568 _wBR2012002701 |
|
| 909 |
_a202311 _bLúcia _c55 _dLúcia Elande |
||
| 942 |
_2AGRIS _n0 _cANA |
||
| 999 |
_c218613 _d218613 |
||